| 000 | 00370nam a2200157Ia 4500 | ||
|---|---|---|---|
| 003 | IT-RoPAU | ||
| 008 | 120407s9999 xx 000 0 und d | ||
| 040 | _aIT-RoPAU | ||
| 040 | _cIT-RoPAU | ||
| 100 | _aPaul Dabin | ||
| 245 | _aLe sacerdoce royal des fidèles dans les livres Saints | ||
| 260 | _aLibrairie Bloud & Gay | ||
| 300 | _c cm | ||
| 490 | _v1 | ||
| 942 | _cBK | ||
| 999 |
_c7673 _d7673 |
||